[Event "Lisbon Portugal op"]
[Site "Lisbon"]
[Date "2017.02.04"]
[Round "1"]
[White "Videira, Alfredo Batista Men"]
[Black "Guerreiro, Nuno M"]
[Result "0-1"]
[WhiteElo "1462"]
[BlackElo "2157"]
[PlyCount "58"]
[EventDate "2017.02.04"]
[EventType "swiss"]
[EventRounds "9"]
[EventCountry "POR"]
[SourceTitle "CBM 176 Extra"]
[Source "ChessBase"]
[SourceDate "2017.03.02"]
[SourceVersion "1"]
[SourceVersionDate "2017.03.02"]
[SourceQuality "1"]

1. e4 c5 2. Nf3 g6 3. d4 cxd4 4. Nxd4 Nc6 5. Be3 Nf6 6. Nc3 Bg7 7. Be2 d5 8. exd5 Nxd5 9. Nxd5 Qxd5 10. 0-0 Nxd4 11. Bxd4 Qxd4 12. Qxd4 Bxd4 13. c3 Bf6 14. Bb5+ Bd7 15. Bxd7+ Kxd7 16. Rad1+ Kc6 17. Rd2 Rad8 18. Rfd1 Rxd2 19. Rxd2 e6 20. Kf1 Rd8 21. Rxd8 Bxd8 22. Ke2 Kd5 23. Kd3 b5 24. b3 g5 25. h3 h5 26. f3 h4 27. Ke2 Ke5 28. c4 bxc4 29. bxc4 Kd4 0-1

[Event "POR-ch Seniors"]
[Site "Sao Pedro do Sul"]
[Date "2015.01.14"]
[Round "6"]
[White "Videira, Alfredo Batista Men"]
[Black "Dias, Jose Oliveira Gaspa"]
[Result "0-1"]
[WhiteElo "1432"]
[BlackElo "1637"]
[PlyCount "88"]
[EventDate "2015.01.11"]
[EventType "swiss"]
[EventRounds "7"]
[EventCountry "POR"]
[SourceTitle "EXT 2018"]
[Source "ChessBase"]
[SourceDate "2017.10.13"]
[SourceVersion "1"]
[SourceVersionDate "2017.10.13"]
[SourceQuality "1"]

1. d4 Nf6 2. Nf3 c6 3. c4 d5 4. Nc3 a6 5. Bg5 dxc4 6. a4 Nd5 7. e3 Nxc3 8. bxc3 b5 9. axb5 cxb5 10. Be2 Bb7 11. 0-0 Qd5 12. Bf4 Nd7 13. h3 Nb6 14. Ne1 h6 15. Bf3 Qd7 16. Bxb7 Qxb7 17. Nf3 Nd5 18. Bh2 Nxc3 19. Qc2 Nd5 20. Rfb1 Rc8 21. Ne5 Nb6 22. Qf5 e6 23. Qh5 Ra8 24. Rxb5 axb5 25. Rxa8+ Nxa8 26. Nxf7 Qxf7 27. Qxb5+ Qd7 28. Qb8+ Qd8 29. Qb5+ Kf7 30. Qh5+ Kg8 31. Be5 Nb6 32. Qg6 Qe7 33. e4 Nd7 34. Bg3 Qf6 35. Qg4 h5 36. Qd1 h4 37. e5 Qf5 38. Bh2 Nb6 39. g4 hxg3 40. fxg3 Nd5 41. g4 Qe4 42. Qf1 Qxd4+ 43. Kh1 Qe4+ 44. Kg1 Bc5+ 0-1

[Event "POR-ch Seniors"]
[Site "Sao Pedro do Sul"]
[Date "2015.01.11"]
[Round "1"]
[White "Alves, Fernando Pereira"]
[Black "Videira, Alfredo Batista Men"]
[Result "0-1"]
[WhiteElo "1764"]
[BlackElo "1432"]
[PlyCount "92"]
[EventDate "2015.01.11"]
[EventType "swiss"]
[EventRounds "7"]
[EventCountry "POR"]
[SourceTitle "EXT 2018"]
[Source "ChessBase"]
[SourceDate "2017.10.13"]
[SourceVersion "1"]
[SourceVersionDate "2017.10.13"]
[SourceQuality "1"]

1. e4 c5 2. Nf3 e6 3. d4 cxd4 4. Nxd4 a6 5. Nc3 Qc7 6. g3 Bb4 7. Nde2 b6 8. Bg2 Bb7 9. 0-0 Be7 10. Nf4 Nf6 11. Re1 d6 12. Be3 0-0 13. Na4 Nbd7 14. Qe2 Rac8 15. Nc3 Rfd8 16. Rad1 Nc5 17. Bc1 b5 18. a3 Nfd7 19. Nd3 Nxd3 20. cxd3 Nc5 21. d4 Nb3 22. Be3 Na5 23. Rc1 Nc4 24. Nxb5 axb5 25. b3 d5 26. exd5 exd5 27. Bf4 Bd6 28. Bxd6 Qxd6 29. bxc4 bxc4 30. Qe7 Qc6 31. Qb4 Ba8 32. Re7 Qd6 33. Qe1 Qxa3 34. Ra1 Qd6 35. Raa7 Qf6 36. Bh3 Rb8 37. Qe3 Rf8 38. Ra3 h6 39. Re5 Rb3 40. Rxb3 cxb3 41. Qxb3 Qc6 42. Qe3 Bb7 43. Bg2 Qc4 44. Bf1 Qb4 45. Re7 Bc6 46. Qf4 Qxe7 0-1

[Event "POR-ch Seniors"]
[Site "Torres Vedras"]
[Date "2014.01.13"]
[Round "2"]
[White "Videira, Alfredo Batista Men"]
[Black "Silva, Jose Duarte"]
[Result "1-0"]
[WhiteElo "1490"]
[BlackElo "1613"]
[PlyCount "171"]
[EventDate "2014.01.12"]
[EventType "swiss"]
[EventRounds "7"]
[EventCountry "POR"]
[SourceTitle "EXT 2015"]
[Source "ChessBase"]
[SourceDate "2014.11.20"]
[SourceVersion "1"]
[SourceVersionDate "2014.11.20"]
[SourceQuality "1"]

1. d4 Nf6 2. c4 c5 3. d5 b5 4. cxb5 a6 5. e3 axb5 6. Bxb5 Qa5+ 7. Nc3 Ne4 8. Qd3 Nxc3 9. bxc3 g6 10. Bd2 Bg7 11. a4 0-0 12. c4 Qc7 13. Bc3 f6 14. d6 Qxd6 15. Qd5+ Qxd5 16. cxd5 d6 17. Ne2 Na6 18. 0-0 Nc7 19. Bc6 Rb8 20. Rfb1 Ba6 21. Nf4 g5 22. Nh5 Bh8 23. Ng3 e6 24. dxe6 Nxe6 25. Ne4 Rxb1+ 26. Rxb1 Bd3 27. Rb6 f5 28. Bxh8 fxe4 29. Bc3 Nc7 30. Rb7 Rf7 31. Rb8+ Rf8 32. Rb7 Rf7 33. a5 h6 34. h3 Ba6 35. Rb8+ Rf8 36. Rb6 Bd3 37. Ba4 Nd5 38. Rxd6 Nxc3 39. Bd7 Kg7 40. Bc6 Nd1 41. Rd7+ Kh8 42. Bb7 Nxf2 43. a6 Bxa6 44. Bxa6 Nd3 45. Bxd3 exd3 46. Rxd3 Rc8 47. Rc3 Kg7 48. Kf2 Kf6 49. Rc4 Ke5 50. Ke2 Kd5 51. Kd3 Ke5 52. Re4+ Kf5 53. g4+ Kf6 54. Kc4 Rc6 55. Kd5 Rc8 56. Re6+ Kg7 57. Rc6 Rxc6 58. e4 c4 59. Kxc6 c3 60. e5 Kf7 61. Kd7 c2 62. e6+ Kg7 63. e7 c1Q 64. e8Q Qd1+ 65. Kc7 Qc2+ 66. Qc6 Qh2+ 67. Kb7 Qb2+ 68. Kc8 Qe5 69. Qc7+ Kf6 70. Qd8+ Qe7 71. Qh8+ Qg7 72. Qxg7+ Kxg7 73. Kd7 Kf7 74. Kd6 Kf6 75. Kd5 Kf7 76. Ke5 Ke7 77. Kf5 Kf7 78. Ke4 Kg6 79. Ke5 h5 80. Ke6 h4 81. Ke5 Kg7 82. Kf5 Kh6 83. Kf6 Kh7 84. Kxg5 Kg7 85. Kxh4 Kg6 86. Kg3 1-0

[Event "POR-ch Seniors"]
[Site "Fatima"]
[Date "2013.03.26"]
[Round "5.12"]
[White "Lopes, Jose Espirito Santo"]
[Black "Videira, Alfredo Batista Men"]
[Result "1-0"]
[WhiteElo "1316"]
[BlackElo "1536"]
[PlyCount "27"]
[EventDate "2013.03.23"]
[EventType "swiss"]
[EventRounds "7"]
[EventCountry "POR"]
[SourceTitle "EXT 2015"]
[Source "ChessBase"]
[SourceDate "2014.11.20"]
[SourceVersion "1"]
[SourceVersionDate "2014.11.20"]
[SourceQuality "1"]

1. e4 e5 2. Nf3 Nc6 3. d4 exd4 4. Nxd4 Qf6 5. Nxc6 Qxc6 6. Nc3 Bb4 7. Qf3 Nf6 8. Bd2 d6 9. Bd3 a6 10. 0-0 0-0 11. Nd5 Nxd5 12. exd5 Qb6 13. Qe4 Bxd2 14. Qxh7# 1-0

[Event "POR-ch Seniors"]
[Site "Fatima"]
[Date "2013.03.25"]
[Round "2.8"]
[White "Brandao, Alvaro"]
[Black "Videira, Alfredo Batista Men"]
[Result "1-0"]
[WhiteElo "1675"]
[BlackElo "1536"]
[PlyCount "99"]
[EventDate "2013.03.23"]
[EventType "swiss"]
[EventRounds "7"]
[EventCountry "POR"]
[SourceTitle "EXT 2015"]
[Source "ChessBase"]
[SourceDate "2014.11.20"]
[SourceVersion "1"]
[SourceVersionDate "2014.11.20"]
[SourceQuality "1"]

1. d4 Nf6 2. Nf3 g6 3. Bf4 Bg7 4. h3 0-0 5. e3 d5 6. Bd3 c5 7. c3 a6 8. dxc5 Nc6 9. Nd4 Re8 10. Nxc6 bxc6 11. Be5 a5 12. a4 Ba6 13. b4 axb4 14. cxb4 Bxd3 15. Qxd3 Nd7 16. Bxg7 Kxg7 17. 0-0 e5 18. Qc3 Kg8 19. Rc1 Nf6 20. Nd2 d4 21. exd4 exd4 22. Qf3 Nd5 23. Rc4 Nc3 24. Qxc6 Re6 25. Qf3 Qe8 26. Rxc3 Rd8 27. Rcc1 d3 28. c6 Re2 29. Rd1 Rd6 30. b5 Kg7 31. Qg3 Qe7 32. Nc4 Rf6 33. Rxd3 Qc5 34. Ne3 Rfxf2 35. Qxf2 Rxf2 36. Kxf2 f5 37. Rd7+ Kh6 38. g3 g5 39. Rd5 Qc3 40. Nxf5+ Kg6 41. Rad1 Qc2+ 42. Kg1 Qxa4 43. g4 Qa7+ 44. Kg2 Qa2+ 45. R1d2 Qc4 46. Rd6+ Kf7 47. Rd7+ Kf6 48. R2d6+ Ke5 49. Re7+ Qe6 50. Rexe6+ 1-0

[Event "POR-chC"]
[Site "Vila Real"]
[Date "2005.08.09"]
[Round "7"]
[White "Videira, Alfredo Batista Men"]
[Black "Margarido, Ricardo Emanuel Tor"]
[Result "0-1"]
[WhiteElo "1747"]
[BlackElo "1814"]
[PlyCount "44"]
[EventDate "2005.08.03"]
[EventType "swiss"]
[EventRounds "9"]
[EventCountry "POR"]
[SourceTitle "CBM 107 Extra"]
[Source "ChessBase"]
[SourceDate "2005.09.01"]
[SourceVersion "1"]
[SourceVersionDate "2005.09.01"]
[SourceQuality "1"]

1. e4 c5 2. Nf3 e6 3. d4 cxd4 4. Nxd4 Nf6 5. Nc3 d6 6. Bc4 a6 7. 0-0 b5 8. Bb3 b4 9. Nce2 Nxe4 10. Be3 Be7 11. f3 Nc5 12. a4 e5 13. Nb5 Nxb3 14. Nxd6+ Qxd6 15. cxb3 Be6 16. Rc1 0-0 17. f4 Qxd1 18. Rcxd1 Bxb3 19. Ra1 Bd6 20. Nc1 Bc2 21. Rf2 exf4 22. Bxf4 Bc5 0-1

[Event "Portugal op"]
[Site "Portugal"]
[Date "2005.05.24"]
[Round "7"]
[White "Videira, Alfredo Batista Men"]
[Black "Bravo Galvez, Ricardo"]
[Result "1/2-1/2"]
[WhiteElo "1776"]
[BlackElo "2098"]
[PlyCount "51"]
[EventDate "2005.05.10"]
[EventType "swiss"]
[EventRounds "7"]
[EventCountry "POR"]
[SourceTitle "CBM 106 Extra"]
[Source "ChessBase"]
[SourceDate "2005.07.01"]
[SourceVersion "1"]
[SourceVersionDate "2005.07.01"]
[SourceQuality "1"]

1. d4 d5 2. c4 e6 3. Nc3 Nf6 4. Bg5 Be7 5. Nf3 0-0 6. e3 h6 7. Bh4 b6 8. cxd5 Nxd5 9. Bxe7 Qxe7 10. Be2 Bb7 11. 0-0 Nd7 12. Rc1 Rfc8 13. a3 c5 14. Nxd5 Bxd5 15. Rc3 cxd4 16. Rxc8+ Rxc8 17. Nxd4 Bb7 18. Qd2 Nc5 19. Qb4 Qg5 20. Bf3 Bxf3 21. Nxf3 Qd5 22. h3 Rd8 23. Qd4 Qa8 24. Qb4 Qd5 25. Qd4 Qa8 26. Qb4 1/2-1/2

[Event "POR-ch Veterans"]
[Site "Portugal"]
[Date "2003.09.14"]
[Round "3"]
[White "Videira, Alfredo Batista Men"]
[Black "Loureiro, Ernesto Oscar"]
[Result "0-1"]
[WhiteElo "1581"]
[BlackElo "1606"]
[PlyCount "64"]
[EventDate "2003.09.??"]
[EventType "swiss"]
[EventRounds "6"]
[EventCountry "POR"]
[SourceTitle "EXT 2005"]
[Source "ChessBase"]
[SourceDate "2004.11.15"]
[SourceVersion "1"]
[SourceVersionDate "2004.11.15"]
[SourceQuality "1"]

1. e4 e5 2. f4 d6 3. Nf3 Nc6 4. Bc4 Be7 5. 0-0 Nf6 6. Nc3 0-0 7. d3 Na5 8. Bb3 h6 9. h3 Nxb3 10. axb3 Be6 11. fxe5 dxe5 12. Nxe5 Qd4+ 13. Kh1 Qxe5 14. d4 Qh5 15. Bf4 Qxd1 16. Raxd1 c6 17. d5 cxd5 18. e5 Nh5 19. Bh2 Rad8 20. Nb5 a6 21. Nd4 Bh4 22. g4 Ng3+ 23. Bxg3 Bxg3 24. Rd3 Bxe5 25. c3 Bxd4 26. Rxd4 g6 27. h4 Kg7 28. Kh2 f5 29. Re1 Rfe8 30. gxf5 gxf5 31. Rg1+ Kf7 32. Rd2 Rg8 0-1

[Event "POR-ch Veterans"]
[Site "Portugal"]
[Date "2003.09.12"]
[Round "1"]
[White "Videira, Alfredo Batista Men"]
[Black "Fontes, Carlos Alberto"]
[Result "0-1"]
[WhiteElo "1581"]
[BlackElo "1847"]
[PlyCount "84"]
[EventDate "2003.09.??"]
[EventType "swiss"]
[EventRounds "6"]
[EventCountry "POR"]
[SourceTitle "EXT 2005"]
[Source "ChessBase"]
[SourceDate "2004.11.15"]
[SourceVersion "1"]
[SourceVersionDate "2004.11.15"]
[SourceQuality "1"]

1. e4 c6 2. d4 Na6 3. Nf3 e6 4. a3 d5 5. e5 Ne7 6. b4 b6 7. Bd3 Nc7 8. Be3 a5 9. c3 Ng6 10. Bg5 f6 11. Bxg6+ hxg6 12. Bh4 axb4 13. Qd3 Rh6 14. cxb4 Bxb4+ 15. Nbd2 g5 16. Bg3 f5 17. h4 g4 18. Bf4 gxf3 19. Bxh6 gxh6 20. Qxf3 Qe7 21. Qh5+ Qf7 22. Qxh6 Bf8 23. Qe3 Ba6 24. Nf3 Bc4 25. Ng5 Qh5 26. f3 Be7 27. Kf2 Kd7 28. a4 Bb4 29. g3 Rf8 30. Rhb1 Ba5 31. Qf4 Ke7 32. Qc1 f4 33. gxf4 Qxh4+ 34. Kg2 Rxf4 35. Qa3+ Ke8 36. Nh3 Rxd4 37. Rd1 c5 38. Qe3 Rxd1 39. Rxd1 d4 40. Qg1 Nd5 41. Kh2 Kf7 42. Qg2 Nf4 0-1